Ingreso nacional y corriente de fondos: conceptos, contabilidad y análisis
Shranjeno v:
| Glavni avtor: | |
|---|---|
| Format: | Knjiga |
| Jezik: | španščina |
| Izdano: |
Ciudad de México
Fondo de Cultura Económica
1963
|
| Izdaja: | 1a. ed |
| Serija: | Obras de Economía
|
| Teme: | |
| Oznake: |
Označite
Brez oznak, prvi označite!
|
MARC
| LEADER | 00000nam a2200000 a 4500 | ||
|---|---|---|---|
| 001 | UCG2118 | ||
| 003 | CL-VaPUC | ||
| 008 | 100610e19630000MX |||||||||||||||||spa|d | ||
| 082 | 0 | 4 | |a 339.2 |b POW |2 21 |
| 100 | 0 | |a Powelson, John P |e author |9 550438 | |
| 245 | 1 | 0 | |a Ingreso nacional y corriente de fondos: conceptos, contabilidad y análisis |
| 250 | |a 1a. ed | ||
| 300 | |a 582 p | ||
| 942 | |c BK | ||
| 945 | |d 20100610 00:00:00 |a dcastane | ||
| 260 | |a Ciudad de México |b Fondo de Cultura Económica |c 1963 | ||
| 650 | 0 | |a Distribución del ingreso |9 334288 | |
| 650 | 7 | |a PRESUPUESTO NACIONAL |2 CL-VaPUC |9 338436 | |
| 650 | 0 | |a Economía |9 255568 | |
| 650 | 0 | |a Inversiones |9 345867 | |
| 650 | 0 | |a Dinero |9 314331 | |
| 650 | 0 | |a Inflación |9 257218 | |
| 650 | 0 | |a Precios |9 260787 | |
| 650 | 7 | |a INGRESO NACIONAL |2 CL-VaPUC |9 334289 | |
| 583 | |a last modification |c 20100610 00:00:00 |k Rodrigo Vera | ||
| 490 | 0 | |a Obras de Economía | |
| 999 | |c 341355 |d 341353 | ||
| 952 | |0 0 |1 0 |4 0 |6 339_200000000000000_POW_1963 |7 0 |8 P |9 436760 |a BIBDER |b BIBDER |d 2019-11-22 |i 4684745 |o 339.2 POW 1963 |p 4684745 |r 2023-01-25 |w 2019-11-22 |y BK |k DER | ||